| 000 | 00718nam a22002177a 4500 | ||
|---|---|---|---|
| 999 |
_c17426 _d17426 |
||
| 003 | AR-CdUCM | ||
| 008 | 190508b ||||| |||| 00| 0 spa d | ||
| 040 |
_aMUNICIPALIDAD PROVINCIAL DEL CUSCO _cBIBLIOTECA MUNICIPAL DEL CUSCO |
||
| 082 |
_a194 / _bP27 |
||
| 100 |
_aPascal, Blas _924357 |
||
| 245 | _aPensamientos / | ||
| 260 |
_aBuenos Aires : _bTor, |
||
| 300 |
_a155 páginas ; _c20 cm. |
||
| 505 | _aContenido : Contra la indiferencia de los ateos -- Signos de la verdadera religión -- Pruebas de Jesucristo. | ||
| 650 |
_aPensamientos religiosos _937435 |
||
| 650 |
_aReligion cristiana _937436 |
||
| 650 |
_aJesucristo _98714 |
||
| 700 |
_aNatal, A. Rufino _937437 |
||
| 942 |
_2ddc _cLIBROS |
||
| 945 | _arcc | ||